[Event "AUTO-ELITE-2179"]
[Site "http://www.queenalice.com/game.php?id=1593184"]
[Date "2019.12.16"]
[Round "1"]
[White "Alsina"]
[Black "Seleuco"]
[Result "0-1"]
[WhiteElo "2649"]
[BlackElo "2787"]

1. e4 e5 2. Nf3 Nc6 3. Bb5 a6 4. Ba4 Nf6 5. O-O Be7 6. Bxc6 dxc6 7. d3 Nd7 8.
Nbd2 O-O 9. Nc4 f6 10. Nh4 g6 11. Qg4 Nb6 12. Qg3 Kh8 13. Bh6 Rg8 14. Ne3 Bd6
15. a3 Na4 16. Rab1 Nc5 17. Nc4 Ne6 18. Be3 Bf8 19. Nf3 c5 20. Rfe1 g5 21. Bd2
g4 22. Nh4 Nd4 23. c3 Nb3 24. Be3 Qxd3 25. Bg5 Qd8 26. Nxe5 Qe7 27. Nhg6+ Rxg6
28. Nxg6+ hxg6 29. Qh4+ Kg8 30. Bxf6 Qh7 31. Qxh7+ Kxh7 32. Red1 Be6 33. Rd8
Rxd8 34. Bxd8 Bh6 35. Rd1 Nd2 36. Bxc7 Nxe4 0-1

[Event "AUTO-ELITE-2128"]
[Site "http://www.queenalice.com/game.php?id=1595652"]
[Date "2020.1.8"]
[Round "2"]
[White "Sexxy_Bunny"]
[Black "Seleuco"]
[Result "1/2-1/2"]
[WhiteElo "2752"]
[BlackElo "2794"]

1. e4 c5 2. Nf3 d6 3. d4 cxd4 4. Nxd4 Nf6 5. Nc3 a6 6. Be3 e5 7. Nb3 Be6 8. f3
h5 9. Qd2 Nbd7 10. O-O-O Be7 11. Kb1 Rc8 12. Nd5 Bxd5 13. exd5 Nb6 14. Bxb6 Qxb6
15. Bd3 O-O 16. Rhe1 Rfe8 17. c4 g6 18. g3 Bf8 19. Rc1 Qc7 20. a3 Kh7 21. Rc2
Bh6 22. Qa5 Nd7 23. Qxc7 Rxc7 24. Na5 b6 25. Nc6 Nb8 26. Nb4 f5 27. Rce2 Rf8 28.
h3 Bg5 29. Rg2 Kg7 30. Rh1 Rc5 31. f4 Bf6 32. g4 exf4 33. gxh5 g5 34. Rf1 Kh6
35. h4 gxh4 36. Rxf4 Rc7 37. Nc2 Rg7 38. Rxg7 Bxg7 39. Ne3 Kg5 40. Rf1 Be5 41.
Nxf5 h3 42. Rg1+ Kf4 43. Rh1 Kg4 44. Rg1+ Kf4 45. Rf1+ Kg5 46. Rg1+ Kf4 1/2-1/2

[Event "AUTO-ELITE-2128"]
[Site "http://www.queenalice.com/game.php?id=1595653"]
[Date "2020.1.8"]
[Round "2"]
[White "Seleuco"]
[Black "Sexxy_Bunny"]
[Result "1/2-1/2"]
[WhiteElo "2742"]
[BlackElo "2675"]

1. e4 c5 2. Nf3 d6 3. d4 cxd4 4. Nxd4 Nf6 5. Nc3 g6 6. Be3 Bg7 7. f3 O-O 8. Qd2
Nc6 9. g4 Be6 10. O-O-O Nxd4 11. Bxd4 Qa5 12. Kb1 Rfc8 13. a3 Rab8 14. h4 b5 15.
Nd5 Qxd2 16. Rxd2 Bxd5 17. exd5 a5 18. h5 Nd7 19. g5 Ne5 20. hxg6 fxg6 21. Rf2
Rf8 22. Ba7 Rb7 23. Be3 Rxf3 24. Rxf3 Nxf3 25. c3 Rb8 26. Be2 Ne5 27. Rh4 h5 28.
gxh6 Bf6 29. h7+ Kh8 30. Rh3 g5 31. Ka2 Nc4 32. Bg1 Rc8 33. Bg4 Rb8 34. Bf5 Be5
35. Rh5 Bf6 36. Rh2 Ne5 37. Rc2 Rf8 38. Be4 g4 39. Rg2 Bg7 40. Be3 Rf1 41. Bf2
a4 42. Bg3 Nc4 43. Bf2 Ne5 44. Bd4 Rf4 45. Bc2 Bf6 46. Bd1 Kxh7 47. Bxe5 Bxe5
48. Bxg4 Rc4 49. Be6 Kh6 50. Kb1 Rc5 51. Rg4 Bf6 52. Bf7 Bg5 53. Rb4 Be3 54. Be8
Rxd5 55. Bxb5 Kg5 56. Bxa4 e5 57. Bc2 Rc5 58. Re4 Bd2 59. c4 Rc8 60. Bd3 Bf4 61.
b3 Rh8 62. b4 Kf6 63. Re2 Rh3 64. Kc2 Ke6 65. a4 d5 66. a5 dxc4 67. Bxc4+ Kd6
68. Re4 Re3 69. Bd3 Rxe4 70. Bxe4 Bg3 71. Kc3 Kc7 72. Kb3 Be1 73. Ka4 Bf2 74. b5
Bc5 75. Kb3 Bd4 76. Kc4 Bg1 77. Kd5 Bf2 78. Kxe5 Bg3+ 79. Ke6 Bf2 80. Bg2 Bc5
81. Kf5 Kd6 82. b6 Bd4 83. Be4 Bf2 84. Kg4 Bc5 85. Kf3 Bg1 86. Ke2 Kc5 87. b7
Bh2 88. Bd3 Kc6 89. a6 Kb6 90. Bb5 Ka7 91. Ke3 Bb8 92. Kd4 Kb6 93. Be2 Ka7 94.
Kd5 Kb6 95. Kd4 Ka7 96. Kc5 Bc7 97. Bb5 Bb6+ 98. Kc6 Bc7 99. Ba4 Bb8 100. Bb5
Bc7 101. Kd7 Bb8 102. Kc8 Bc7 103. Bf1 Bb8 104. Kd8 Bc7+ 105. Kd7 Bb8 106. Kc6
Bc7 107. Bb5 1/2-1/2

[Event "AUTO-ELITE-2193"]
[Site "http://www.queenalice.com/game.php?id=1597574"]
[Date "2020.1.27"]
[Round "1"]
[White "CCapivara"]
[Black "Seleuco"]
[Result "0-1"]
[WhiteElo "2208"]
[BlackElo "2790"]

1. e4 g6 2. d4 Bg7 3. c4 Nc6 4. Be3 e5 5. Ne2 exd4 6. Nxd4 Nge7 7. Nc3 O-O 8.
Be2 f5 9. Qd2 fxe4 10. Nxe4 d5 11. cxd5 Qxd5 12. Nxc6 Qxd2+ 13. Bxd2 Nxc6 14.
O-O-O Be6 15. Kb1 b6 16. f3 Rad8 17. Bc3 Bxc3 18. Nxc3 Nd4 19. Rhe1 Kg7 20. Bd3
Rf7 21. Ne4 Rfd7 22. Ng5 Bg8 23. b3 Nxb3 24. axb3 Rxd3 25. Rxd3 Rxd3 26. Re7+
Kf6 27. Rxc7 Kxg5 28. Rxa7 Rxb3+ 29. Kc2 Kh6 30. Ra8 Bc4 31. Rc8 b5 0-1

[Event "AUTO-ELITE-2193"]
[Site "http://www.queenalice.com/game.php?id=1597575"]
[Date "2020.1.27"]
[Round "1"]
[White "Seleuco"]
[Black "CCapivara"]
[Result "1-0"]
[WhiteElo "2789"]
[BlackElo "2185"]

1. b3 e5 2. Bb2 d6 3. e3 f5 4. d4 e4 5. d5 Nf6 6. Nh3 Be7 7. Nf4 O-O 8. Nc3 a6
9. Qd2 c6 10. O-O-O c5 11. h3 b5 12. g4 b4 13. Na4 Bd7 14. Nxc5 dxc5 15. d6 Nc6
16. dxe7 Qxe7 17. g5 1-0

[Event "AUTO-ELITE-2193"]
[Site "http://www.queenalice.com/game.php?id=1597580"]
[Date "2020.1.27"]
[Round "1"]
[White "Donidon"]
[Black "Seleuco"]
[Result "0-1"]
[WhiteElo "2300"]
[BlackElo "2784"]

1. e4 e6 2. d4 d5 3. Nc3 Nf6 4. Bg5 Be7 5. e5 Nfd7 6. Bxe7 Qxe7 7. f4 O-O 8. Nf3
c5 9. Be2 Nc6 10. O-O f6 11. Nb5 fxe5 12. fxe5 cxd4 13. Nbxd4 Ndxe5 14. Qd2 Ng6
15. Nb3 Nf4 16. Bb5 e5 17. Rae1 Bg4 18. Bxc6 bxc6 19. Nxe5 Ne2+ 20. Rxe2 Rxf1+
21. Kxf1 Bxe2+ 22. Qxe2 Re8 23. Nd4 Qxe5 24. Qxe5 Rxe5 25. Nxc6 Re6 26. Nd4 Re8
27. b3 Kf7 28. Kf2 Kf6 29. g3 Rc8 30. Ke3 Kg5 31. h3 Rc3+ 32. Kf2 a6 33. Nf3+
Kf6 34. Ne1 Kf5 35. Kg2 Ke4 36. Kf2 h6 37. a3 h5 38. h4 d4 39. Kg2 Rxc2+ 40.
Nxc2 d3 41. Nb4 d2 42. Na2 Kd3 0-1

[Event "AUTO-ELITE-2193"]
[Site "http://www.queenalice.com/game.php?id=1597581"]
[Date "2020.1.27"]
[Round "1"]
[White "Seleuco"]
[Black "Donidon"]
[Result "1-0"]
[WhiteElo "2789"]
[BlackElo "2300"]

1. b3 d5 2. Bb2 Nf6 3. e3 Nc6 4. Nf3 e6 5. d4 Bd6 6. a3 O-O 7. c4 dxc4 8. bxc4
Re8 9. Bd3 e5 10. dxe5 Nxe5 11. Bxe5 Bxe5 12. Nxe5 Rxe5 13. Bxh7+ Kxh7 14. Qxd8
Ne8 15. Nc3 b6 16. Nb5 Bb7 17. Qd7 Bc8 18. Qxf7 Nd6 19. Qxc7 1-0

[Event "AUTO-ELITE-2145"]
[Site "http://www.queenalice.com/game.php?id=1597929"]
[Date "2020.1.31"]
[Round "2"]
[White "Seleuco"]
[Black "kookaburra"]
[Result "1-0"]
[WhiteElo "2791"]
[BlackElo "2286"]

1. b3 d5 2. Bb2 c5 3. e3 Nc6 4. Nf3 Bg4 5. Be2 e6 6. c4 Nf6 7. O-O Be7 8. cxd5
Qxd5 9. h3 Bh5 10. Nc3 Qd8 11. Na4 O-O 12. Rc1 b6 13. d4 Nd7 14. Qd2 Rc8 15.
Rfd1 cxd4 16. Nxd4 Bxe2 17. Nxe2 Nc5 18. Qc3 Bf6 19. Rxd8 Bxc3 20. Rxf8+ Kxf8
21. Naxc3 Nd3 22. Ba3+ Ke8 23. Rd1 Ndb4 24. Nb5 Ke7 25. Nxa7 Nxa7 26. Bxb4+ Ke8
27. f4 1-0

[Event "AUTO-ELITE-2145"]
[Site "http://www.queenalice.com/game.php?id=1597930"]
[Date "2020.1.31"]
[Round "2"]
[White "kookaburra"]
[Black "Seleuco"]
[Result "0-1"]
[WhiteElo "2285"]
[BlackElo "2788"]

1. e4 e6 2. Nf3 d5 3. e5 c5 4. d4 cxd4 5. Bd3 Nc6 6. O-O Nge7 7. Nbd2 Ng6 8. Re1
Qc7 9. Nb3 Ngxe5 10. Nbxd4 Nxd3 11. Qxd3 Bd7 12. Nb5 Qa5 13. Bd2 Nb4 14. Bxb4
Bxb4 15. c3 Bxb5 16. cxb4 Bxd3 17. bxa5 Be4 18. Nd2 Bg6 19. Rac1 Kd7 20. Nb3 b6
21. Rc3 Rhc8 22. Rec1 e5 23. f3 d4 24. Rxc8 Rxc8 25. Rxc8 Kxc8 26. axb6 axb6 27.
Kf2 f6 28. Ke2 Kd7 29. Nd2 Kd6 30. Nb3 Kd5 31. Nd2 f5 32. b3 Be8 33. Ke1 b5 34.
a3 e4 35. Ke2 e3 36. Nf1 f4 37. h4 Bg6 38. a4 d3+ 39. Ke1 bxa4 40. bxa4 Kc4 41.
g3 Kc3 42. gxf4 d2+ 43. Kd1 Bc2+ 0-1

[Event "AUTO-ELITE-2117"]
[Site "http://www.queenalice.com/game.php?id=1597957"]
[Date "2020.2.1"]
[Round "2"]
[White "Seleuco"]
[Black "speedmaxL"]
[Result "1-0"]
[WhiteElo "2790"]
[BlackElo "2502"]

1. b3 g6 2. Bb2 Nf6 3. e3 Bg7 4. Be2 d5 5. d4 Ne4 6. Nf3 c5 7. c3 O-O 8. O-O Nc6
9. Nfd2 f5 10. Nxe4 fxe4 11. dxc5 h5 12. Qc2 Qc7 13. Na3 a6 14. Rad1 Rd8 15. b4
Be6 16. Qc1 h4 17. h3 Bf7 18. Nb1 1-0

[Event "AUTO-ELITE-2117"]
[Site "http://www.queenalice.com/game.php?id=1597958"]
[Date "2020.2.1"]
[Round "2"]
[White "speedmaxL"]
[Black "Seleuco"]
[Result "0-1"]
[WhiteElo "2500"]
[BlackElo "2792"]

1. d4 Nf6 2. c4 e6 3. g3 d5 4. Nf3 Nbd7 5. Nc3 dxc4 6. e4 Bb4 7. Bg2 Nxe4 8. Qc2
Nd6 9. O-O Nb6 10. a3 Bxc3 11. bxc3 Bd7 12. Re1 Ba4 13. Qb1 h6 14. Ne5 O-O 15.
f4 f6 16. Ng6 Re8 17. Ra2 Bc6 18. Rae2 Bxg2 19. Kxg2 Qd7 20. g4 Qb5 0-1

[Event "AUTO-ELITE-2104"]
[Site "http://www.queenalice.com/game.php?id=1601511"]
[Date "2020.3.3"]
[Round "2"]
[White "Seleuco"]
[Black "ArmandoFerreira"]
[Result "1-0"]
[WhiteElo "2793"]
[BlackElo "2439"]

1. b3 e5 2. Bb2 Nc6 3. e3 Nf6 4. Nf3 e4 5. Nd4 Nxd4 6. Bxd4 Be7 7. c4 O-O 8. Nc3
c5 9. Be5 d6 10. Bg3 Bf5 11. Bh4 d5 12. Bxf6 Bxf6 13. cxd5 Qe7 14. Qc2 Rfd8 15.
Bc4 Rd6 16. Rd1 a6 17. a4 Re8 18. h3 h5 19. Qb1 h4 20. b4 Rb6 21. b5 a5 22. Ne2
Bh7 23. Bb3 Rd6 24. Nc3 Bf5 25. Ne2 Qd7 26. Qc2 b6 27. Qc4 Kf8 28. Ba2 Be5 29.
Bb1 Bf6 30. Ba2 Bb2 31. Bb3 Be5 32. Bc2 Bf6 33. Bb3 1-0

[Event "AUTO-ELITE-2104"]
[Site "http://www.queenalice.com/game.php?id=1601512"]
[Date "2020.3.3"]
[Round "2"]
[White "ArmandoFerreira"]
[Black "Seleuco"]
[Result "0-1"]
[WhiteElo "2438"]
[BlackElo "2794"]

1. e4 c5 2. c3 Nf6 3. e5 Nd5 4. Nf3 d6 5. d4 cxd4 6. Bb5+ Bd7 7. Bc4 e6 8. O-O
Nb6 9. Bd3 dxc3 10. Nxc3 Nc6 11. exd6 Bxd6 12. Re1 Ne7 13. Nd4 O-O 14. Bg5 Qb8
15. Qh5 Nf5 16. Nxf5 exf5 17. a4 Re8 18. a5 Na4 19. Bc4 Rxe1+ 20. Rxe1 Qf8 21.
Nxa4 Bxa4 22. Qf3 Rc8 23. b3 Rc7 24. Qxf5 Bd7 25. Qb1 Bc6 26. h3 a6 27. Qc2 Rd7
28. Bd2 g6 29. Bc3 Bb4 30. Bxb4 Qxb4 31. Re8+ Kg7 32. Qb2+ Kh6 33. Qc1+ Kg7 34.
Qa1+ Kh6 0-1

[Event "AUTO-ELITE-2101"]
[Site "http://www.queenalice.com/game.php?id=1603426"]
[Date "2020.3.21"]
[Round "2"]
[White "fred57"]
[Black "Seleuco"]
[Result "1-0"]
[WhiteElo "2866"]
[BlackElo "2724"]

1. e4 c5 2. Nf3 d6 3. d4 cxd4 4. Nxd4 Nf6 5. Nc3 a6 6. Bg5 e6 7. f4 Qb6 8. Nb3
Be7 9. Qd2 Nbd7 10. O-O-O Qc7 11. g4 h6 12. Bxf6 Bxf6 13. h4 Bxc3 14. bxc3 e5
15. f5 Nf6 16. Bg2 Ke7 17. g5 1-0

[Event "AUTO-ELITE-2101"]
[Site "http://www.queenalice.com/game.php?id=1603427"]
[Date "2020.3.21"]
[Round "2"]
[White "Seleuco"]
[Black "fred57"]
[Result "0-1"]
[WhiteElo "2719"]
[BlackElo "2871"]

1. b3 d5 2. Bb2 Nf6 3. e3 g6 4. Nf3 Bg7 5. c4 c6 6. Be2 O-O 7. O-O Bg4 8. d4
Nbd7 9. h3 Bxf3 10. Bxf3 e6 11. Qc2 a5 12. Nc3 Qb8 13. Rab1 b5 14. Rfc1 Rc8 15.
Qd3 b4 16. Na4 Nb6 17. Nc5 Nbd7 0-1

[Event "AUTO-ELITE-2135"]
[Site "http://www.queenalice.com/game.php?id=1606319"]
[Date "2020.4.6"]
[Round "2"]
[White "ArmandoFerreira"]
[Black "Seleuco"]
[Result "0-1"]
[WhiteElo "2437"]
[BlackElo "2795"]

1. d4 Nf6 2. c4 e6 3. Nf3 b6 4. g3 Bb7 5. Bg2 Be7 6. O-O O-O 7. Nc3 Ne4 8. Qc2
Nxc3 9. Qxc3 c5 10. Rd1 g6 11. Bh6 Re8 12. dxc5 Bf6 13. Ne5 Bxg2 14. Kxg2 Na6
15. cxb6 d6 0-1

[Event "AUTO-ELITE-2135"]
[Site "http://www.queenalice.com/game.php?id=1606320"]
[Date "2020.4.6"]
[Round "2"]
[White "Seleuco"]
[Black "ArmandoFerreira"]
[Result "1-0"]
[WhiteElo "2792"]
[BlackElo "2440"]

1. b3 e5 2. Bb2 Nc6 3. e3 Nf6 4. Nf3 e4 5. Nd4 Be7 6. Nf5 O-O 7. Nxe7+ Qxe7 8.
d4 Qe6 9. Be2 d5 10. c4 Qf5 11. O-O Qg6 12. Kh1 Re8 13. Nc3 Bf5 14. Ba3 Rad8 15.
Rc1 Be6 16. h3 1-0

[Event "AUTO-ELITE-2193"]
[Site "http://www.queenalice.com/game.php?id=1614894"]
[Date "2020.6.2"]
[Round "2"]
[White "Seleuco"]
[Black "BEBADO"]
[Result "1-0"]
[WhiteElo "2742"]
[BlackElo "2282"]

1. b3 e5 2. Bb2 Nc6 3. e3 d5 4. Bb5 Bd6 5. Nf3 Qe7 6. c4 a6 7. Bxc6+ bxc6 8. c5
Bxc5 9. Qc2 Bd7 10. Nxe5 Nf6 11. O-O Bd6 12. Nxd7 Qxd7 13. Nc3 O-O 14. Na4 Qe6
15. Rac1 Ne4 16. f3 Qh6 17. f4 g5 18. d3 Nf6 19. Qc3 1-0

[Event "AUTO-ELITE-2193"]
[Site "http://www.queenalice.com/game.php?id=1614895"]
[Date "2020.6.2"]
[Round "2"]
[White "BEBADO"]
[Black "Seleuco"]
[Result "0-1"]
[WhiteElo "2283"]
[BlackElo "2741"]

1. e4 e5 2. Nf3 Nc6 3. d4 exd4 4. Nxd4 Nf6 5. Nxc6 bxc6 6. e5 Qe7 7. Qe2 Nd5 8.
c4 Ba6 9. b3 g6 10. f4 g5 11. fxg5 O-O-O 12. Nd2 Qxg5 13. Nf3 Qg4 14. Bd2 Rg8
15. Qf2 Nf4 16. Qxa7 Bb7 17. Bxf4 Qxf4 18. Qd4 Bb4+ 19. Kf2 Qxd4+ 20. Nxd4 Bc5
21. Rd1 Rg4 22. Ke3 Re8 0-1